Σπίτι για πέντε : μυθιστόρημα
Αποθηκεύτηκε σε:
| Κύριος συγγραφέας: | |
|---|---|
| Άλλοι συγγραφείς: | |
| Μορφή: | Βιβλίο |
| Γλώσσα: | Greek |
| Δημοσίευση: |
Αθήνα :
Πατάκη,
2003.
|
| Έκδοση: | 31η εκδ. |
| Σειρά: | Σύγχρονη λογοτεχνία για παιδιά και για νέους. Συλλογή Χελιδόνια ;
v.8 |
| Θέματα: | |
| Ετικέτες: |
Προσθήκη ετικέτας
Δεν υπάρχουν, Καταχωρήστε ετικέτα πρώτοι!
|
MARC
| LEADER | 00000cam a2200000 i 4500 | ||
|---|---|---|---|
| 001 | 1/25943 | ||
| 008 | 060310s2003 gr | ||| |||| | gre|| | ||
| 020 | |a 9602932597 | ||
| 035 | |l 10083041 | ||
| 040 | |a GR-MY-UA |b gre |e aacr | ||
| 041 | 0 | |a gre | |
| 082 | 7 | |a 808.0683 | |
| 082 | 7 | |a 808.0682 | |
| 100 | 1 | |a Πέτροβιτς-Ανδρουτσοπούλου, Λότη, |d 1937- | |
| 245 | 1 | 0 | |a Σπίτι για πέντε : |b μυθιστόρημα / |c Λότη Πέτροβιτς-Ανδρουτσοπούλου ; εικονογράφηση: Εύη Τσακνιά. |
| 250 | |a 31η εκδ. | ||
| 260 | |a Αθήνα : |b Πατάκη, |c 2003. | ||
| 300 | |a 132 σ. : |b εικ.; |c 21 εκ. | ||
| 490 | 1 | |a (Σύγχρονη λογοτεχνία για παιδιά και για νέους. Συλλογή χελιδόνια |v ; vol.8) | |
| 650 | 0 | 0 | |a Young adult fiction. |
| 650 | 0 | 0 | |a Children's literature. |
| 700 | 1 | |a Τσακνιά, Εύη, |d 1962- |e ill | |
| 830 | 0 | |a Σύγχρονη λογοτεχνία για παιδιά και για νέους. |p Συλλογή Χελιδόνια ; |v v.8 | |
| 852 | |a INST |b RHODES |e 20180110 |h 808.0683 ΠΕΤ |p 005400039733 |q 005400039733 |t BK |y 0 | ||
| 852 | |a INST |b SAMOS |e 20060310 |h 808.0682 ΠΕΤ |p 005300024624 |q 005300024624 |t BK |y 0 | ||
| 901 | |a BIBL3-2006-1 | ||
| 909 | |a Σ |b 124822 | ||
| 922 | |a 3ΕΛΗ |b 200601 |c ΜΕΤΑΠΤΥΧΙΑΚΟ/ΜΑΘΗΜΑΤΙΚΟ |d ΜΙΧΑΛΟΠΟΥΛΟΣ | ||
| 970 | |a ΚΟΣΙΕΡΗΣ |b ΧΡΗΣΤΟΣ |z 2006/03/10 | ||